000 00845nam a22002177a 4500
999 _c16665
_d16665
008 220304b ||||| |||| 00| 0 eng d
020 _a97803673278922
082 _22021
_aDC 382.71095195
_bC452
100 _aChoi, Byung-il, author
_944474
245 _aPolitics of East Asian free trade agreements:
_bunveiling the asymmetry between Korea and Japan/
_cChoi byung-il, Jennifer S. Oh, authors
260 _aNew York:
_bRoutledge,
_c©2021.
300 _ax, 124 page;
_c23 cm.
440 _aPolitics in Asia
_944475
500 _aIncludes index.
650 _aKorea (South) --Economic conditions--21st century
_944476
650 _aJapan--Economic conditions--21st century
_944477
650 _aKorea (South)--Economic policy
_944478
650 _aJapan--Economic policy
_944479
700 _aOh, Jennifer S., author
_944480
942 _2ddc
_cDC